Chinese Provinces with the Highest Population Density - Statistics

General Stats
  • This quiz has been taken 25 times
  • The average score is 7 of 9
Answer Stats
per km² Province % Correct
6847 Hong Kong
100%
1334 Beijing
93%
22511 Macau
93%
3922 Shanghai
93%
1194 Tianjin
80%
700 Guangdong
53%
848 Jiangsu
53%
644 Shandong
53%
616 Zhejiang
40%
No matching quizzes found
Score Distribution
Percent of People with Each Score
Percentile by Number Answered
Your Score History
You have not taken this quiz